Nonalignment in the world of today. (Record no. 156555)
[ view plain ]
| 000 -LEADER | |
|---|---|
| fixed length control field | 01114cam7a220025300 4500 |
| 001 - CONTROL NUMBER | |
| control field | lce01179510 |
| 008 - FIXED-LENGTH DATA ELEMENTS--GENERAL INFORMATION | |
| fixed length control field | 700727s1969 yu b 100 0 eng |
| 010 ## - LIBRARY OF CONGRESS CONTROL NUMBER | |
| LC control number | 79-972536 |
| 015 ## - NATIONAL BIBLIOGRAPHY NUMBER | |
| National bibliography number | Yu*** |
| 020 ## - INTERNATIONAL STANDARD BOOK NUMBER | |
| Terms of availability | 40.00 |
| 035 ## - SYSTEM CONTROL NUMBER | |
| System control number | (Sirsi) r102292 |
| 035 ## - SYSTEM CONTROL NUMBER | |
| System control number | (DLC) 79972536 |
| 035 ## - SYSTEM CONTROL NUMBER | |
| System control number | (UPRA)lce01179510 |
| 050 0# - LIBRARY OF CONGRESS CALL NUMBER | |
| Classification number | D 839.2 Non 1969. |
| Item number | .N6 |
| 245 00 - TITLE STATEMENT | |
| Title | Nonalignment in the world of today. |
| Remainder of title | International symposium, Petrovaradin 16-18 January, 1969. |
| Statement of responsibility, etc. | Edited by Ljubivoje Acimovic. <Leo Mates: Preface> |
| 260 ## - PUBLICATION, DISTRIBUTION, ETC. | |
| Place of publication, distribution, etc. | Beograd, |
| Name of publisher, distributor, etc. | Institute of International Politics and Economics, |
| Date of publication, distribution, etc. | 1969. |
| 500 ## - GENERAL NOTE | |
| General note | Sponsored by the Institute of International Politics and Economics. |
| 504 ## - BIBLIOGRAPHY, ETC. NOTE | |
| Bibliography, etc. note | Includes bibliographical references. |
| 650 #0 - SUBJECT ADDED ENTRY--TOPICAL TERM | |
| Topical term or geographic name entry element | World politics -- 1945- -- Congresses. |
| Chronological subdivision | World politics -- 1945- -- Congresses. |
| General subdivision | World politics -- 1945- -- Congresses. |
| Linkage | S46388.1 |
| 700 1# - ADDED ENTRY--PERSONAL NAME | |
| Personal name | Acimovic, Ljubivoje. |
| Linkage | A60094.1 |
| 710 2# - ADDED ENTRY--CORPORATE NAME | |
| Corporate name or jurisdiction name as entry element | Institut za methunarodnu politiku i privredu (Belgrade, Serbia) |
| Linkage | A60095.1 |
| 949 ## - LOCAL PROCESSING INFORMATION (OCLC) | |
| a | D 839.2 Non 1969. |
| w | lcc |
| c | 1 |
| i | 33729000060884 |
| m | MAIN |
| t | BOOK |
| l | ON-SHELF |
No items available.